000 00473nam a22001577a 4500
003 OSt
005 20240419111502.0
008 240419b |||||||| |||| 00| 0 eng d
040 _cMRSPTU
100 _aJinder (ਜਿੰਦਰ)
245 _aChandigarh Via Nawanshahir (ਚੰਡੀਗੜ੍ਹ ਵਾਇਆ ਨਵਾਂਸ਼ਹਿਰ)
_bਸਵੈ-ਜੀਵਨੀ
250 _a1st
260 _aNew Delhi
_bNavjug Publishers
_c2014
300 _a137
942 _2ddc
_cBK
_n0
999 _c10106
_d10106